| 000 | 00500nam a22001817a 4500 | ||
|---|---|---|---|
| 003 | CEME | ||
| 005 | 20210628201824.0 | ||
| 008 | 210216b xxu||||| |||| 00| 0 eng d | ||
| 020 | _a0-201-48518-4 | ||
| 040 | _c. | ||
| 082 | _a005.133-C++ LIP | ||
| 100 |
_aLippman, Stanley _956956 |
||
| 245 | _aEssential c plus plus, c plus plus in depth series | ||
| 260 |
_aENGLAND _bADDISON WESLEY _c2000 |
||
| 300 | _aXIII,276P | ||
| 650 |
_aC PLUS PLUS-COPMUTER PROGRAM LANGUAGE _956957 |
||
| 942 |
_cBK _2ddc |
||
| 999 |
_c567279 _d567279 |
||